Guess That Conan Gray Song!!! (vol 2) - Statistics

General Stats
  • This quiz has been taken 32 times
    19 since last reset
  • The average score is 261 of 352
Answer Stats
LYRICS % Correct
I
100%
me
100%
me?
100%
the
100%
When
100%
when
100%
you
100%
a
91%
Do
91%
my
91%
not
91%
said
91%
that
91%
That
91%
To
91%
to
91%
We
91%
we
91%
your
91%
But
82%
don't
82%
ever
82%
go
82%
hate
82%
have
82%
in
82%
It
82%
it,
82%
it
82%
know
82%
like
82%
Like
82%
so
82%
they
82%
was
82%
was,
82%
why
82%
all
73%
And
73%
at
73%
best
73%
could
73%
for
73%
if
73%
is
73%
it's
73%
just
73%
night
73%
of
73%
still
73%
this
73%
were
73%
wish
73%
with
73%
even
64%
friends?
64%
ice
64%
I'd
64%
last
64%
Maybe
64%
mean
64%
memories
64%
mind
64%
now
64%
out
64%
remember
64%
shit
64%
time,
64%
time
64%
wouldn't
64%
yours
64%
anything?
55%
Arms
55%
back
55%
bad
55%
buzzcut,
55%
chocolate
55%
cream,
55%
Did
55%
end
55%
eyes
55%
finally
55%
Finally
55%
good
55%
Grew
55%
hair
55%
hazel
55%
leave
55%
leaving
55%
left
55%
left,
55%
low
55%
make
55%
Mint
55%
miss
55%
Nothing
55%
(oh)
55%
past
55%
peace
55%
pissed
55%
primrose
55%
quickly?
55%
really
55%
saw
55%
say
55%
short
55%
sleep
55%
something
55%
swear,
55%
sweatshirt,
55%
take
55%
times,
55%
tonight
55%
without
55%
words
55%
year
55%
away
45%
by
45%
closed
45%
come
45%
door
45%
gonna
45%
Haunting
45%
mouth
45%
once
45%
Sometimes,
45%
waiting
45%
walked
45%
wanna
45%
watch
45%
while
45%
window,
45%
wonder,
45%
wonder
45%
stood
36%
No matching quizzes found
Score Distribution
Percent of People with Each Score
Percentile by Number Answered
Your Score History
You have not taken this quiz since the last reset